[Event "Oberliga NRW 1516"]
[Site "Germany"]
[Date "2015.12.20"]
[Round "4.4"]
[White "Hainke, Guntram"]
[Black "Litwak, Aleksej"]
[Result "1/2-1/2"]
[WhiteElo "2305"]
[BlackElo "2270"]
[PlyCount "28"]
[EventDate "2015.09.27"]
[EventType "team-tourn"]
[EventRounds "9"]
[EventCountry "GER"]
[SourceTitle "EXT 2017"]
[Source "ChessBase"]
[SourceDate "2016.10.25"]
[SourceVersion "1"]
[SourceVersionDate "2016.10.25"]
[SourceQuality "1"]
[WhiteTeam "Duesseldorf"]
[BlackTeam "Oberhausen"]
[WhiteTeamCountry "GER"]
[BlackTeamCountry "GER"]

1. d4 Nf6 2. c4 e6 3. Nc3 Bb4 4. e3 0-0 5. Nge2 d5 6. a3 Bd6 7. Ng3 c5 8. dxc5 Bxc5 9. b4 Bd6 10. Bb2 Nc6 11. cxd5 exd5 12. Be2 Be6 13. Nb5 Bb8 14. 0-0 Ne5 1/2-1/2

[Event "Oberliga NRW 1516"]
[Site "Germany"]
[Date "2015.11.22"]
[Round "3.5"]
[White "Hainke, Guntram"]
[Black "Franke, Johannes"]
[Result "1/2-1/2"]
[WhiteElo "2305"]
[BlackElo "2257"]
[PlyCount "58"]
[EventDate "2015.09.27"]
[EventType "team-tourn"]
[EventRounds "9"]
[EventCountry "GER"]
[SourceTitle "EXT 2017"]
[Source "ChessBase"]
[SourceDate "2016.10.25"]
[SourceVersion "1"]
[SourceVersionDate "2016.10.25"]
[SourceQuality "1"]
[WhiteTeam "Duesseldorf"]
[BlackTeam "Wattenscheid"]
[WhiteTeamCountry "GER"]
[BlackTeamCountry "GER"]

1. d4 c5 2. d5 e5 3. e4 d6 4. Bb5+ Nd7 5. a4 Ngf6 6. Nc3 Be7 7. Nf3 0-0 8. 0-0 Ne8 9. Nd2 Bg5 10. Nc4 Bxc1 11. Qxc1 Nb6 12. Ne3 a6 13. Bxe8 Rxe8 14. a5 Nd7 15. Nc4 Qe7 16. Na4 Nf6 17. Nab6 Rb8 18. Qe3 Bd7 19. Nxd7 Qxd7 20. Ra3 Re7 21. Rb3 Qa4 22. Qd3 Rd8 23. Rb6 Ne8 24. g3 f6 25. Kg2 Qd7 26. Re1 Rf7 27. Re3 Qe7 28. Qe2 g6 29. Qg4 f5 1/2-1/2

[Event "BL2-West 1415"]
[Site "Germany"]
[Date "2015.03.15"]
[Round "8.6"]
[White "Hainke, Guntram"]
[Black "Nagel, Bernhard"]
[Result "1/2-1/2"]
[WhiteElo "2325"]
[BlackElo "2204"]
[PlyCount "101"]
[EventDate "2014.09.21"]
[EventType "team-tourn"]
[EventRounds "9"]
[EventCountry "GER"]
[SourceTitle "CBM 166 Extra"]
[Source "ChessBase"]
[SourceDate "2015.06.18"]
[SourceVersion "1"]
[SourceVersionDate "2015.06.18"]
[SourceQuality "1"]
[WhiteTeam "Godesberg"]
[BlackTeam "Wiesbaden"]
[WhiteTeamCountry "GER"]
[BlackTeamCountry "GER"]

1. d4 e6 2. c4 Nf6 3. Nc3 Bb4 4. e3 0-0 5. Nge2 d5 6. a3 Be7 7. cxd5 exd5 8. Nf4 a5 9. Bd3 c6 10. 0-0 Na6 11. f3 Nc7 12. Bd2 Ne6 13. Nfe2 c5 14. Be1 cxd4 15. exd4 Bd7 16. Bf2 Bc6 17. Qd2 Ne8 18. Rad1 Qd7 19. Rfe1 Nd6 20. h4 Rfe8 21. h5 Bg5 22. Qc2 Nf8 23. Nc1 Rxe1+ 24. Rxe1 Rc8 25. Qb3 Re8 26. Rxe8 Nxe8 27. N1e2 Nf6 28. Ng3 Ne6 29. Nce2 Nf4 30. Nxf4 Bxf4 31. Ne2 Bh6 32. Qc3 a4 33. Qc2 Nxh5 34. Bxh7+ Kh8 35. g4 Nf4 36. Nxf4 Bxf4 37. Bd3 Qd6 38. Qe2 g6 39. Be1 Qf6 40. Kg2 Kg8 41. Bf2 Bd6 42. Qe3 Qf4 43. Qxf4 Bxf4 44. Be1 Bc1 45. Bc3 Kg7 46. Kg3 Kf6 47. f4 Ke7 48. Kf3 Bd7 49. Bc2 f5 50. gxf5 gxf5 51. Bd3 1/2-1/2